| 000 | 00348nam a2200133Ia 4500 | ||
|---|---|---|---|
| 008 | 240624s9999 xx 000 0 und d | ||
| 041 | _aeng | ||
| 082 | _a828 GOL | ||
| 100 | _aGOLDSMITH MARSHALL | ||
| 245 | _aTRIGGERS SPARKING POSITIVE CHANGE AND MA | ||
| 260 |
_c2015 _aLondon _bProfile Books |
||
| 300 | _axix, 252 p.; 23 cm. | ||
| 365 |
_cRS _b30 |
||
| 999 |
_c29840 _d29840 |
||